000 00886nam a2200241Ia 4500
999 _c39653
_d39653
001 6254
003 GE_BSU
005 20191107120034.0
008 181216s2011||||ge |||||||||||||| ||geo||
020 _a15124585
040 _cGE_BSU
041 _ageo
080 _a378(479.22)(051) მ-57
245 _aმერმისი = MERMISI = МЕРМИСИ :
_bსამეცნიერო შრომების კრებული /
_cრედ. მანანა შელია.
264 _aრუსთავი,
_c2011.
300 _a133 გვ. ;
_b27 სმ.
653 _aკრებული
653 _aპედაგოგიკა
653 _aუმაღლესი განათლება
700 _a შელია, მანანა
_95281
710 _aსაერო ინსტიტუტი "რვალი"
_95282
942 _cBK
_2udc